| 000 | 00684nam a2200205Ia 4500 | ||
|---|---|---|---|
| 003 | GCL | ||
| 008 | 140319s9999 xx 000 0 ara d | ||
| 040 |
_aGCL / _cGCL |
||
| 082 | 0 | 4 |
_aم _b923.162 _bا ن |
| 100 | 1 | _aالاتابكى، جمال الدين ابى المح | |
| 245 | 1 | 0 |
_aالنجوم الزاهرة فى ملوك مصر والقاهرة / _cالاتابكى، جمال الدين ابى المح |
| 260 |
_a[S.N] : _bوزارة الثقافة |
||
| 300 | _aمتعدد | ||
| 490 |
_aشكاوى المصرى الفصيح _v0 |
||
| 650 | 0 | 4 | _aمصر |
| 650 | 0 | 4 | _aتاريخ |
| 650 | 0 | 4 | _aالاسلام |
| 650 | 0 | 4 | _aالملوك والحكام |
| 942 |
_2ddc _cREF |
||
| 999 |
_c59297 _d59297 |
||